书目信息 |
| 题名: |
基因表达技术
|
|
| 作者: | 李育阳 主编 | |
| 分册: | ||
| 出版信息: | 北京 科学出版社 2001.02 |
|
| 页数: | 276页 | |
| 开本: | 26cm | |
| 丛书名: | ||
| 单 册: | ||
| 中图分类: | Q753 | |
| 科图分类: | ||
| 主题词: | 分子遗传学 | |
| 电子资源: | ||
| ISBN: | 7-03-008612-0 | |
| 000 | 00534nam0 2200193 45 | |
| 001 | 0255334962 | |
| 005 | 2002040915221446 | |
| 010 | @a7-03-008612-0@dRMB 38.00 | |
| 100 | @a20020409d2001 km y0chiy0120 ea | |
| 101 | 0 | @achi |
| 102 | @aCN@b110000 | |
| 200 | 1 | @a基因表达技术@Aji yin biao da ji shu@f李育阳主编@Fli yu yang zhu bian |
| 210 | @a北京@c科学出版社@d2001.02 | |
| 215 | @a276页@d26cm | |
| 606 | 0 | @a分子遗传学 |
| 690 | @aQ753@v3 | |
| 701 | 0 | @a李育阳@Ali yu yang@4主编 |
| 801 | 0 | @aCN@bPFT@c20020409 |
| 905 | @a10447@dQ753@eL320 | |
| 基因表达技术/李育阳主编.-北京:科学出版社,2001.02 |
| 276页;26cm |
| ISBN 7-03-008612-0:RMB 38.00 |
| ● |
| 相关链接 |
|
|
|
正题名:基因表达技术
索取号:Q753/L320
 
预约/预借
| 序号 | 登录号 | 条形码 | 馆藏地/架位号 | 状态 | 备注 |
| 1 | 358336 | 203583363 | 自科库401/401自科库 31排2列2层/ [索取号:Q753/L320] | 在馆 | |
| 2 | 358337 | 203583372 | 自科库401/401自科库 31排2列2层/ [索取号:Q753/L320] | 在馆 | |
| 3 | 358338 | 203583381 | 自科库401/401自科库 31排2列2层/ [索取号:Q753/L320] | 在馆 |